000 00418nam a2200157 i 4500
001 93577
003 ES-MaACL
005 20230906181249.0
007 t|
008 050414s1964 sp ||||1| spa d
100 1 _aLópez Arévalo, Juan Ramón.
_973413
245 1 0 _aTambién los laicos hacen iglesia.
260 _aMadrid :
_bEstudium,
_c1964.
300 _a121 p. ;
_c20 cm.
852 _aES-MaACL
_jC-26862
_bR.55850
999 _c93577
_d93577